000 00634nam a22001935i 4500
001 160587
003 ES-MaACL
005 20230906212100.0
008 991126s1891 fr |||| | fre d
040 _aCCPB | B
_bspa
_cCCPB | B
100 1 _aNavenne, Ferdinand de.
_9130423
245 1 0 _aRome
_b: le palais farnèse et les farnèse /
_cpar Ferdinand de Navenne.
260 _aParis :
_bLibrairie Albin Michel,
_c[s.a.]
300 _a704 p. ;
_c26 cm.
596 1 _aFecha tomada de cita a pie de p. 285, 1891.
600 3 4 _aFarnesio, Casa de.
_9127012
752 _aFrancia -
_dParís
852 _aES-MaACL
_jG-5314
_z-- Rúst.
999 _c160587
_d160587